Statistiques concernant Effectif de l'AJ Auxerre pour la saison 2022-2023

Cliquez ici pour prendre le quiz!

Statistiques générales

  • Ce quiz a été pris 217 fois
    (153 depuis la dernière actualisation)
  • Le résultat moyen est 25 sur 39

Statistiques - réponses

HintRéponseSituation% Correct
GIonut RaduPrêté par
L'inter Milan
96%
MGauthier Hein2020-...
94%
MBirama Touré2016-...
92%
GDonovan Léon2011-2015
2020-...
92%
DIsaak TouréPrêté par l'OM
92%
AGaetan CharbonnierParti à l'ASSE
89%
DJubal2020-...
89%
GBenoit CostilParti au LOSC
84%
AGaetan Perrin2021-...
83%
DAkim ZedadkaPrêté par le
LOSC
81%
GThéo De Percin2019-...
79%
MHan-Noah Massengoprêté par Bristol
City
78%
DGidéon Mensah2022-...
76%
DPaul JolyPrêté au DFCO
75%
AMathis AblinePrêté par le
SRFC
72%
AM'baye Niang2022-...
72%
DThéo Pellenard2021-...
71%
ANuno Da Costa2022-...
69%
MHamza Sakhi2017-...
68%
ASiriki DembelePrêté par
Bournemouth
66%
MRayan Raveloson2022-...
65%
DJulian Jeanvier2022-...
64%
GSonny LaitonPrêté au Stade
Briochin
62%
ALassine Sinayoko2018-...
61%
MMathias Autret2020-...
61%
DQuentin BernardParti au Chamois
Niortais
61%
DAlexandre CoeffParti à Brescia
49%
MYoussouf M'changama2022-...
49%
DDenys Bain2022-...
46%
DKenji Van Boto2014-...
46%
ARemy Dugimont2018-...
43%
MElisha Owusu2023-...
40%
AOusmanne Camara2021-...
40%
AMohamed Ben FredjPrêté au Puy
Foot 63
39%
DAlec GeorgenPrêté à US
Concarneau
34%
MKays Ruiz-Atil2022-...
34%
ANicolas MercierPrêté à Avranches
34%
DBrayann PereiraPrêté à Bourg-en
Bresse
32%
MKevin Danois2021-...
27%

Distribution des résultats

Percentile par nombre de réponses

% des personnes avec chaque résultat

Votre développement - résultats

Vous n’avez pas pris ce quiz depuis la dernière actualisation